| 000 | 00629nam a2200193 4500 | ||
|---|---|---|---|
| 001 | 110099 | ||
| 003 | ES-MaACL | ||
| 005 | 20230906184956.0 | ||
| 007 | t| | ||
| 008 | 061121s1967 sp r ||||1| spa d | ||
| 100 | 1 |
_aO'Callaghan, Joseph. _986294 |
|
| 245 | 1 | 3 |
_aEl papiro en los padres grecolatinos / _cJoseph O'Callaghan. |
| 260 |
_aBarcelona : _bSeminario de Papirología de la Facultad Teológica, _c1967. |
||
| 300 |
_a90 p. ; _c22 cm. |
||
| 490 | 1 |
_aPapyrológica castoctaviana ; _vnº 1 |
|
| 830 | 0 |
_aPapyrológica castoctaviana ; _vnº 1 _9233005 |
|
| 852 |
_aES-MaACL _jC-31579 _bR.62201 |
||
| 999 |
_c110099 _d110099 |
||